Elementary Mathematical Programming. (Record no. 2627)

MARC details
005 - DATE AND TIME OF LATEST TRANSACTION
control field 20250524102523.0
082 ## - DEWEY DECIMAL CLASSIFICATION NUMBER
Classification number LECT 519.7 MET
100 ## - MAIN ENTRY--PERSONAL NAME
Author name METZGER, R. W.
245 ## - TITLE STATEMENT
Title Elementary Mathematical Programming.
260 ## - PUBLICATION, DISTRIBUTION, ETC.
Place of publication, distribution, etc. London,
Name of publisher, distributor, etc. John Wiley & Sons, Inc.
Date of publication, distribution, etc. 1958.
300 ## - PHYSICAL DESCRIPTION
Extent ix, 246p.: ill.; charts, Graph, figure, table.
Other physical details index,
Dimensions 21cm.
942 ## - ADDED ENTRY ELEMENTS (KOHA)
Source of classification or shelving scheme Dewey Decimal Classification
Koha item type Books
Holdings
Date last seen Total checkouts Full call number Barcode Cost, replacement price Price effective from Koha item type Lost status Source of classification or shelving scheme Damaged status Not for loan Withdrawn status Home library Current library Shelving location Date acquired Cost, normal purchase price
05/24/2025   LECT 519.7 MET 0000009784 30000.00 05/24/2025 Books   Dewey Decimal Classification       College of Business Education Main Library College of Business Education Main Library General Collection 04/18/1973 10000.00